000 00711nam a22002297a 4500
005 20170124110102.0
010 _aB-061168
020 _c00.00
_a8186565655
035 _aB-061168
037 _bCen Lib/Ret
040 _aDPL
_bEN
082 _a954.08
_bPAR
245 _aThe Partition in retrospect /
_cedited by Amrik Singh
260 _aNew Delhi
_bAnamika Publishers
_c2000
270 _bNew Delhi
_a4697/5-21A, Ansari Road, Darya Ganj
_e110002
300 _axx,458p.
_c22cm(Hb)
500 _aIncludes index
650 _aIndia -- History -- Partition, 1947
_926337
650 _aPartition of India (1947)
_927322
700 _aAmrik Singh
_91518
942 _2ddc
_cEN
_h954.08
_mPAR
999 _c129755
_d129755